សិក្សាអំពីគ្រោងការសំរាប់វាយតំលៃ និងពង្រីក នវានុវត្តន៏ថ្មីមួយនៅក្បាលពោធិ ខេត្តតាកែវ (Record no. 12)

000 -LEADER
fixed length control field 00586nam a22001457a 4500
003 - CONTROL NUMBER IDENTIFIER
control field OSt
005 - DATE AND TIME OF LATEST TRANSACTION
control field 20150905110726.0
008 - FIXED-LENGTH DATA ELEMENTS--GENERAL INFORMATION
fixed length control field 150905b xxu||||| |||| 00| 0 eng d
040 ## - CATALOGING SOURCE
Transcribing agency RUA
082 ## - DEWEY DECIMAL CLASSIFICATION NUMBER
Classification number AGR សុខ​​ 1992 B003 Or.1
100 ## - MAIN ENTRY--PERSONAL NAME
9 (RLIN) 14
Personal name សុខ វ៉ាន់ថន
245 ## - TITLE STATEMENT
Title សិក្សាអំពីគ្រោងការសំរាប់វាយតំលៃ និងពង្រីក នវានុវត្តន៏ថ្មីមួយនៅក្បាលពោធិ ខេត្តតាកែវ
300 ## - PHYSICAL DESCRIPTION
Extent 73p.
Other physical details ill.
Dimensions 29cm.
942 ## - ADDED ENTRY ELEMENTS (KOHA)
Source of classification or shelving scheme
Koha item type AGR
Holdings
Price effective from Date last seen Permanent Location Not for loan Date acquired Source of classification or shelving scheme Koha item type Barcode Lost status Damaged status Shelving location Withdrawn status Current Location Full call number
2015-09-052015-09-05Library Block B 2015-09-05 AGRRUA004513  B003 Library Block BAGR សុខ​​ 1992 B003 Or.1
2015-09-052015-09-05Library Block B 2015-09-05 AGRRUA004590  B003 Library Block BAGR សុខ​​ 1992 B003 Or.2
2015-09-052015-09-05Library Block B 2015-09-05 AGRRUA004591  B003 Library Block BAGR សុខ​​ 1992 B003 Or.3
2015-09-052015-09-05Library Block B 2015-09-05 AGRRUA004523  B003 Library Block BAGR សុខ​​ 1992 B003 Or.4
2015-09-052015-09-05Library Block B 2015-09-05 AGRRUA004594  B003 Library Block BAGR សុខ​​ 1992 B003 Or.5
2015-09-052015-09-05Library Block B 2015-09-05 AGRRUA004518  B003 Library Block BAGR សុខ​​ 1992 B003 Or.6
2015-09-052015-09-05Library Block B 2015-09-05 AGRRUA004515  B003 Library Block BAGR សុខ​​ 1992 B003 Or.7
2015-09-052015-09-05Library Block B 2015-09-05 AGRRUA004589    Library Block BAGR សុខ​​ 1992 B003 Or.8
មជ្ឈមណ្ឌលឯការនៃសាកលវិទ្យាល័យភូមិន្ទកសិកម្មចំការដូង

Powered by Koha